000 00602nam a2200217Ia 4500
003 OSt
005 20251119164536.0
008 210210b1963 xxu||||| |||| 00| 0 eng d
040 _cAL
041 _aKannada
082 _a851/329
100 _aMANGARASA
_dಮಂಗರಸ
_9246426
245 _aSamyaktva kaumudi sangraha
_bಸಮ್ಯಕ್ತ್ವ ಕೌಮುದಿ ಸಂಗ್ರಹ
260 _aMaisuru
_b-
_c1963
650 _asangraha
_9246427
650 _aSamyaktva
_9246428
650 _akaumudi
_9246429
690 _aKannada Poetry
_9246430
906 _a018347
942 _2ddc
_cBK
999 _c141464
_d141464